000 00575nam a2200193Ia 4500
005 20250508170259.0
008 008 250505s9999 xx 000 0 eng d
037 _aDissertations
040 _aFEDL
_beng
_cFEDL
041 _aeng
_2eng
084 _a378.54, BAS/DI
_qFEDL
100 _aBashir Ahmad
245 0 _aIssues and challenges in higher education: A study of Ladakh
260 _c2020
300 _axiii, 149p.
546 _aM. Phil Dissertation (Delhi University); C D Included
942 _cDIS
_h378.54, BAS/DI
999 _c1400186
_d1400186